banner koha

Soil physico-chemical conditions and the development of roots [quimica do solo, fisica do solo, crescimento, raiz, cana de acucar, milho, feijao, Brasil] (Registro n. 314302)

MARC details
000 -LÍDER
campo de controle de tamanho fixo 01355naa a22003257a 4500
001 - NÚMERO DE CONTROLE
campo de controle BR8106046
003 - IDENTIFICADOR DO NÚMERO DE CONTROLE
campo de controle BR-BrBNA
005 - DATA E HORÁRIO DA ÚLTIMA TRANSAÇÃO
campo de controle 20240918174912.0
007 - CAMPO FIXO DE DESCRIÇÃO FÍSICA--INFORMAÇÃO GERAL
campo de controle de tamanho fixo ta
008 - CAMPO DE DADOS FIXOS--INFORMAÇÃO GERAL
campo de controle de tamanho fixo 230509b bl.||||| |||| 00| 0 por d
040 ## - FONTE DA CATALOGAÇÃO
Instituição da catalogação original BR-BrBNA
Idioma da catalogação por
Instituição que transcreveu o registro Biblioteca Nacional de Agricultura
041 ## - CÓDIGO DE IDIOMA
Código do idioma do texto/trilha sonora ou título diferente (En)
072 ## - CÓDIGO DE CATEGORIA DE ASSUNTO
Código de Categoria de Assunto F22; F60
Código do objeto 0230
-- 0120
-- 1410
-- G514
090 ## - NÚMERO DE CHAMADA LOCAL
Número de chamada F22 BR8106046
100 1# - ENTRADA PRINCIPAL--NOME PESSOAL
Nome pessoal Reichardt, K.
111 1# - ENTRADA PRINCIPAL--NOME DO EVENTO
Nome do evento ou lugar Symposium on the Soil/Root System
Local do evento Londrina, PR (Brazil)
Data do evento ou assinatura do tratado 4 Mar 1980
245 1# - TÍTULO
Título Soil physico-chemical conditions and the development of roots [quimica do solo, fisica do solo, crescimento, raiz, cana de acucar, milho, feijao, Brasil]
260 3# - PUBLICAÇÃO, DISTRIBUIÇÃO, ETC.
Local de publicação, distribuição, etc. Londrina, PR (Brasil):
Data da publicação, distribuição, etc. 1981.
500 ## - NOTA GERAL
Nota geral Russel, R.S.; Igue, K.; Mehta, Y.R. (eds.)<br/>The soil/root system in relation to Brazilian agriculture<br/>Londrina, PR (Brasil): 1981. p. 103-114<br/>(BR8106046-AM)F22<br/>
650 ## - ASSUNTO--TERMO TÓPICO
Cabeçalho tópico ou nome geográfico CRESCIMENTO
650 ## - ASSUNTO--TERMO TÓPICO
Cabeçalho tópico ou nome geográfico RAIZ
650 ## - ASSUNTO--TERMO TÓPICO
Cabeçalho tópico ou nome geográfico CANA DE ACUCAR
650 ## - ASSUNTO--TERMO TÓPICO
Cabeçalho tópico ou nome geográfico MILHO
650 ## - ASSUNTO--TERMO TÓPICO
Cabeçalho tópico ou nome geográfico FEIJAO
650 ## - ASSUNTO--TERMO TÓPICO
Cabeçalho tópico ou nome geográfico ABSORCAO
650 ## - ASSUNTO--TERMO TÓPICO
Cabeçalho tópico ou nome geográfico ANALISE DO SOLO
773 0# - ENTRADA ANALÍTICA
Título The soil/root system in relation to Brazilian agriculture
Entrada principal Russel, R.S.; Igue, K.; Mehta, Y.R. (eds.). Fundacao Instituto Agronomico do Parana, Curitiba (Brasil)
Número de controle do registro F22 BR8106046
Partes relacionadas Londrina, PR (Brasil), 1981. p. 103-114
909 ## -
-- 202404
-- Lucia
-- 55
-- Lucia Elande
942 ## - ELEMENTOS DE ENTRADA ADICIONADOS (KOHA)
Tipo de material Koha Capítulo-Livro
Fonte da classificação ou esquema de arquivamento na estante Classificação AGRIS
Exemplares
Situação do descarte Fonte da classificação ou esquema de arquivamento na estante Situação física Não pode ser emprestado Coleção Biblioteca de origem Biblioteca atual Localização na estante Total de empréstimos Número de telefone completo Data de último acesso Número do exemplar Tipo de material Koha Situação das perdas Data de aquisição Fonte de aquisição
  Classificação AGRIS       Biblioteca Nacional de Agricultura - Binagri Biblioteca Nacional de Agricultura - Binagri Agrobase - Acervo Geral   F21 BR8106043 20/05/2024 01 Capítulo-Livro   2024-04-11 Portaria Interministerial nº 164/94

BINAGRI

Telefone: (61)3218-2567/2388/3357/2097 - binagri@agro.gov.br

Ministério da Agricultura e Pecuária , Esplanada dos Ministérios, Bloco D, Anexo B, Brasília/DF, CEP: 70.043-900